Entry Personal Name
Number of records used in: 2
001 - CONTROL NUMBER
003 - CONTROL NUMBER IDENTIFIER
005 - DATE AND TIME OF LATEST TRANSACTION
- control field:
20200114134305.0
008 - FIXED-LENGTH DATA ELEMENTS
- fixed length control field:
851217n| azannaabn |a aaa
010 ## - LIBRARY OF CONGRESS CONTROL NUMBER
- LC control number:
n 85108327
035 ## - SYSTEM CONTROL NUMBER
- System control number:
(OCoLC)oca01514979
040 ## - CATALOGING SOURCE
- Original cataloging agency:
DLC
- Language of cataloging:
eng
- Description conventions:
rda
- Transcribing agency:
DLC
- Modifying agency:
NIC
- Modifying agency:
DLC
- Modifying agency:
MdRoLAC
100 1# - HEADING--PERSONAL NAME
- Personal name:
Sapru, R. K.
- Fuller form of name:
(Radha Krishan)
373 ## - ASSOCIATED GROUP
- Associated group:
Panjab University
- Source of term:
naf
375 ## - GENDER
- Gender:
Males
- Source of term:
lcdgt
400 1# - SEE FROM TRACING--PERSONAL NAME
- Personal name:
Sapru, Radha Krishan
400 0# - SEE FROM TRACING--PERSONAL NAME
- Personal name:
Radha Krishan Sapru
400 1# - SEE FROM TRACING--PERSONAL NAME
- Personal name:
Sapru, Radhakrishan
400 1# - SEE FROM TRACING--PERSONAL NAME
- Personal name:
Sapru, Radhakrishnan
400 0# - SEE FROM TRACING--PERSONAL NAME
- Personal name:
Radhakrishnan Sapru
670 ## - SOURCE DATA FOUND
- Source citation:
His Civil service administration in India, c1985:
- Information found:
t.p. (Dr. R.K. Sapru, M.A. (Eng., Pol. sc., Pub. admn.), Ph. D.; Dept. of Pub. Admn., Panjab U., Chandigarh) p. 6 (Radha Krishan Sapru)
670 ## - SOURCE DATA FOUND
- Source citation:
Development administration ... 1981:
- Information found:
t.p. (Radhakrishnan Sapru, Dept. of Pub. Admn, Panjab U.)
670 ## - SOURCE DATA FOUND
- Source citation:
Public policy, 2017:
- Information found:
ECIP t.p. (Radhakrishan Sapru)
670 ## - SOURCE DATA FOUND
- Source citation:
Indian administration, 2018:
- Information found:
ECIP title page (Radhakrishan Sapru)